Pruebas de comprensión lectora y producción de textos CL-PT: kinder a 4§ año básico. Marco conceptual y manual de aplicación y corrección

Bewaard in:
Bibliografische gegevens
Hoofdauteurs: Medina Moreno, Alejandra (autora), Gajardo, Ana María (Auteur)
Formaat: Boek
Taal:Spaans
Gepubliceerd in: Santiago Universidad Católica de Chile 2010
Editie:2a. ed
Onderwerpen:
Tags: Voeg label toe
Geen labels, Wees de eerste die dit record labelt!

MARC

LEADER 00000cam a2200000 a 4500
001 UCG7587
003 CL-VaPUC
008 110812e20101200CL |||||||||||||||||spa|d
020 |a 9789561410756 
082 0 4 |a 372.41  |b MED  |2 21 
100 |a Medina Moreno, Alejandra  |e autora  |9 558156 
700 0 |a Gajardo, Ana María  |e author  |9 558157 
245 1 0 |a Pruebas de comprensión lectora y producción de textos CL-PT: kinder a 4§ año básico. Marco conceptual y manual de aplicación y corrección 
250 |a 2a. ed 
300 |a 257 p 
942 |c BK 
945 |d 20110812 00:00:00  |a dcastane 
260 |a Santiago  |b Universidad Católica de Chile  |c 2010 
500 |a Incluye CD con programa computacional 
650 0 |a Comprensión de lectura  |9 307588 
650 0 |a Enseñanza de la lectura  |9 308364 
650 0 |a Expresión escrita  |9 334816 
650 0 |a Escritura  |9 264941 
583 |a last modification  |c 20110902 11:20:59  |k Rodrigo Vera 
999 |c 345451  |d 345449 
952 |0 0  |1 0  |4 0  |6 372_410000000000000_MED_2010  |7 0  |8 R  |9 444179  |a BIBEDU  |b BIBEDU  |d 2019-11-22  |i 4788931  |l 1  |o 372.41 MED 2010  |p 4788931  |r 2023-01-13  |s 2022-03-28  |w 2019-11-22  |y BK_R  |k EPE 
952 |0 0  |1 0  |4 0  |6 372_410000000000000_MED_2010  |7 0  |8 R  |9 444180  |a BIBEDU  |b BIBEDU  |c MCIRC  |d 2019-11-22  |i 4789601  |l 3  |o 372.41 MED 2010  |p 4789601  |r 2024-10-14  |s 2024-10-07  |w 2019-11-22  |y BK_R  |k EBA 
952 |0 0  |1 0  |4 0  |6 372_410000000000000_MED_2010  |7 0  |8 R  |9 444181  |a BIBEDU  |b BIBEDU  |c MCIRC  |d 2019-11-22  |i 478961K  |l 7  |o 372.41 MED 2010  |p 478961K  |r 2024-05-22  |s 2024-05-15  |w 2019-11-22  |y BK_R  |k EBA 
952 |0 0  |1 0  |4 0  |6 372_410000000000000_MED_2010  |7 0  |8 R  |9 444182  |a BIBEDU  |b BIBEDU  |c MCIRC  |d 2019-11-22  |i 4789628  |l 7  |o 372.41 MED 2010  |p 4789628  |r 2024-09-27  |s 2024-09-26  |w 2019-11-22  |y BK_R  |k EBA